Culture Générale - Série 921 - Statistiques

Statistiques générales
  • Ce quiz a été pris 96 fois
  • Le résultat moyen est 5 sur 10
Statistiques - réponses
Question Réponse % Correct
Traditionnellement, quel agrume entre dans la composition du daïquiri ? citron vert
90%
Quel est le symbole chimique du silicium ? Si
88%
Au rugby, quelle plante est l'emblème de l'équipe d'Irlande ? trèfle
81%
Selon l'expression, quel vêtement lui taille-t-on lorsque l'on critique une personne en son absence ? costard
63%
Chanteur dont la voix possède une tessiture moyenne, entre les ténors et les basses. baryton
57%
Terme littéraire ou historique pour désigner un tueur à gages, dont l'anagramme est "scierai" sicaire
29%
Le serpent anaconda porte aussi le nom de ... eunecte
19%
Ce terme désigne un oiseau ou un jeune soldat (troufion) pioupiou
15%
A l'origine ce terme désignait un cavalier allemand engagé par la France en tant que mercenaire. Il s'applique plus maintenant à une personne brutale et son synonyme est soudard. reitre
9%
C'est une herse qui permettait de défendre les châteaux-forts au Moyen Age et également le titre d'une nouvelle d’Honoré de Balzac sarrasine
1%
Aucun quiz correspondant
Distribution des résultats
% des personnes avec chaque résultat
Percentile par nombre de réponses
Votre historique - résultats
Vous n’avez pas pris ce quiz